000
00295nam a22001337a 4500
008
171201b xxu||||| |||| 00| 0 eng d
020
_a
0716706806
041
_a
eng
080
_a
574
100
_a
9
101
_a
MJE
245
_a
POPULATION RESOURCES ENVIRONMENT
_c
EHRLICH
942
_2
udc
_c
BK
999
_c
38720
_d
38720